• 首页
  • 本馆介绍
  • 公告通知
  • 最新文献
  • 馆藏检索
  • 电子资源
  • 读者导购
  • 参考咨询
  • 我的图书馆
  • 登录
  • 详细信息显示
  • 放入我的书架
  • 预约/预借图书
  • 作者相关作品
  • 分类相关作品
  • 丛书相关作品
  • 出版社相关作品

书目信息

  • 表格格式
  • 工作单格式
  • 卡片格式
题名:
医学电子学基础
    
 
作者: 陈仲本 主编
分册:  
出版信息: 北京   人民卫生出版社  2010
页数: 13,226页
开本: 29cm
丛书名:
单 册:
中图分类: R312
科图分类:
主题词: 医用电子学--医学院校--教材 , 医用电子学
电子资源:
ISBN: 978-7-117-13076-9
000 01020nam0 2200277 450
001 012015000782
005 20150914160547.10
010    @a978-7-117-13076-9@dCNY35.00
100    @a20100819d2010 em y0chiy50 ea
101 0  @achi
102    @aCN@b110000
105    @ay z 001yy
106    @ar
200 1  @a医学电子学基础@Ayi xue dian zi xue ji chu@f陈仲本主编
205    @a3版
210    @a北京@c人民卫生出版社@d2010
215    @a13,226页@d29cm@e1光盘
300    @a普通高等教育”十一五“国家级规划教材 卫生部”十一五“规划教材 全国高等医药建材建设研究会规划教材 全国高等学校教材 供医学影像学专业用
307    @a附光盘:ISBN 978-7-89456-111-4
330    @a本书共十一章,内容包括电路基础、放大器的基本原理、生物医学常用放大器、集成运算放大器、振荡电路、直流电源、医用仪器干扰的抑制和安全用电等。
606 0  @a医用电子学@x医学院校@j教材
606 0  @a医用电子学
690    @aR312@v5
701  0 @a陈仲本@Achen zhong ben@f(1953~)@4主编
801  0 @aCN@b碧洲教育@c20150718
905    @a10447@f3@dR312@e231=3
    
    医学电子学基础/陈仲本主编.-3版.-北京:人民卫生出版社,2010
    13,226页;29cm+1光盘
    普通高等教育”十一五“国家级规划教材 卫生部”十一五“规划教材 全国高等医药建材建设研究会规划教材 全国高等学校教材 供医学影像学专业用
    
    ISBN 978-7-117-13076-9:CNY35.00
    本书共十一章,内容包括电路基础、放大器的基本原理、生物医学常用放大器、集成运算放大器、振荡电路、直流电源、医用仪器干扰的抑制和安全用电等。
●
相关链接 在E读中查询图书 在五车中查询图书 在当当中查询图书 在豆瓣中查询图书


正题名:医学电子学基础     索取号:R312/231=3         预约/预借

序号 登录号 条形码 馆藏地/架位号 状态 备注
1 0848053   208480534   第二样本阅览室/ [索取号:R312/231=3] 在馆    
2 0848054   208480543   第三借阅区/ [索取号:R312/231=3] 在馆    
3 0848055   208480552   第三借阅区/ [索取号:R312/231=3] 在馆    
唐山师范学院图书馆 欢迎您!
大连网信软件有限公司© 版权所有